00896pam a2200265 a 4500001000400000003000600004005001700010008004100027010001700068020002700085040001800112042000900130050002500139082001200164100004100176245012900217260004000346300004600386440002000432520008600452521001800538521001800556650002900574700002700603477FISKH20230426130623.0821123s1983 ilua j 000 1 eng  a 82022228  a0516020390 (lib. bdg.) aDLCcDLCdDLC alcac00aPZ7.J63416bWai 198300a1602191 aJohnson, Mildred D.q(Mildred Dawes)10aWait, skates! /cby Mildred D. Johnson ; illustrations by Tom Dunnington ; prepared under the direction of Robert Hillerich. aChicago :bChildrens Press,cc1983. a31 pages :bcolor illustrations :c19 cm. 2aA Rookie reader aA child putting on roller skates for the first time finally teaches them to wait.8 a180 bLexile8 aB bRaz-Plus 1aRoller skatingxFiction.1 aDunnington, Tom,eill.